The anthropology of world's fairs : San Francisco's Panama Pacific International Exposition of 1915

Αποθηκεύτηκε σε:
Λεπτομέρειες βιβλιογραφικής εγγραφής
Κύριος συγγραφέας: Benedict, Burton
Μορφή: Βιβλίο
Γλώσσα:English
Δημοσίευση: Berkeley, Calif : London : Lowie Museum of Anthropology, Scolar Press, 1983
Θέματα:
Ετικέτες: Προσθήκη ετικέτας
Δεν υπάρχουν, Καταχωρήστε ετικέτα πρώτοι!

MARC

LEADER 00000nam a2200000 i 4500
001 1/98682
008 000121s1983 a eng d
020 |a 0859676773 
035 |l 10056602 
040 |a GR-MY-UA  |b gre  |e aacr 
041 0 |a eng 
082 0 |a 909.821074019461 
100 1 |a Benedict, Burton. 
245 1 4 |a The anthropology of world's fairs :  |b San Francisco's Panama Pacific International Exposition of 1915 /  |c by Burton Benedict, with contributions by Marjorie M. Dobkin ... [et al.] 
260 |a Berkeley, Calif :   |a London :   |b Lowie Museum of Anthropology,   |b Scolar Press,   |c 1983 
300 |a xv, 175 p. 
500 |a Written and published in conjunction with an exhibition at the Lowie Museum of Anthropology, University of California, Berkeley, October 30, 1982 through December 31, 1983 
504 |a Includes bibliographical references 
611 2 0 |a Panama-Pacific International Exposition  |d (1915 :  |c San Francisco, Calif.) 
651 0 |a United States  |x Social life and customs  |y 1865-1918. 
852 |a INST  |b LESVOS  |e 20000121  |h 909.821074019461 BEN  |p 005100021212  |q 005100021212  |t BK  |y 0 
901 |a BIBL1-2000-2 
909 |a Λ  |b 070237 
922 |a 1ΕΛΗ  |b 199911  |c ΚΠΣ/ΤΚΑ  |d LEADER 
970 |z 2000/07/ELIDOC